Classement Européen des nations au handball - Statistiques

Statistiques générales
  • Ce quiz a été pris 155 fois
  • Le résultat moyen est 13 sur 20
Statistiques - réponses
Classement Nations Points % Correct
Numéro 2 France 1730
100%
Numéro 3 Danemark 1445
94%
Numéro 4 Espagne 1291
92%
Numéro 10 Norvège 595
91%
Numéro 1 Allemagne 2996
90%
Numéro 8 Croatie 820
76%
Numéro 5 Hongrie 1246
72%
Numéro 12 Suisse 472
69%
Numéro 13 Suisse 461
69%
Numéro 7 Portugal 962
67%
Numéro 6 Pologne 1182
66%
Numéro 11 Slovenie 518
64%
Numéro 9 Roumanie 749
60%
Numéro 17 Autriche 358
59%
Numéro 18 Serbie 353
57%
Numéro 14 Islande 428
48%
Numéro 19 République Tchèque 329
47%
Numéro 16 Grece 378
46%
Numéro 15 Macédoine du Nord 394
42%
Numéro 20 Bosnie-Herzégovine 322
38%
Aucun quiz correspondant
Distribution des résultats
% des personnes avec chaque résultat
Percentile par nombre de réponses
Votre historique - résultats
Vous n’avez pas pris ce quiz